01649nam a22001937a 4500003001700000005001700017008004100034020001800075040000700093041001200100082001700112100001700129245003100146260003300177300003000210365005500240520111400295650004601409St Aloysius Coll20260129163223.0251201b |||||||| |||| 00| 0 eng d a9780812973013 cAL aEnglish a610.92bKIDM aTracy Kidder aMountains beyond mountains aNew YorkbRandom Housec2023 axvi,322p.bPBc20.3x13cm. 2GeneralaHYD8-6483931c₹f13/11/2025b₹1144.00 aNEW YORK TIMES BESTSELLER • 20th Anniversary Edition, with a new foreword by the author • “[A] masterpiece . . . an astonishing book that will leave you questioning your own life and political views.”—USA Today “If any one person can be given credit for transforming the medical establishment’s thinking about health care for the destitute, it is Paul Farmer. . . . [Mountains Beyond Mountains] inspires, discomforts, and provokes.”—The New York Times (Best Books of the Year) In medical school, Paul Farmer found his life’s calling: to cure infectious diseases and to bring the lifesaving tools of modern medicine to those who need them most. Tracy Kidder’s magnificent account shows how one person can make a difference in solving global health problems through a clear-eyed understanding of the interaction of politics, wealth, social systems, and disease. Profound and powerful, Mountains Beyond Mountains takes us from Harvard to Haiti, Peru, Cuba, and Russia as Farmer changes people’s minds through his dedication to the philosophy that “the only real nation is humanity.”  2TechnologyaMedicine and Health (Biology)